000 00426nam a2200181Ia 4500
001 24075
005 20260414151019.0
008 260414t1979||||xx |||||||||||||| ||spa||
041 _aESP
082 _a759.85
_bM12
100 _aMacera, Pablo,
_eAUT
245 0 _aPintores populares andinos
_b
260 _c1979
300 _alxx, 221 páginas :
_c22 cm.
650 _aABD
654 _aCAU
942 _cLIB
_dJUS
_fJUS
_2ddc
_n
999 _c24075
_d24075